[Event "HUN-chT2 Breyer 0708"]
[Site "Hungary"]
[Date "2007.10.14"]
[Round "1"]
[White "Steiger, Bela"]
[Black "Sandor, Jozsef"]
[Result "1/2-1/2"]
[WhiteElo "2211"]
[BlackElo "2117"]
[PlyCount "38"]
[EventDate "2007.10.14"]
[EventType "team-tourn"]
[EventRounds "11"]
[EventCountry "HUN"]
[SourceTitle "EXT 2009"]
[Source "ChessBase"]
[SourceDate "2008.11.26"]
[SourceVersion "1"]
[SourceVersionDate "2008.11.26"]
[SourceQuality "1"]
[WhiteTeam "Hobagoly"]
[BlackTeam "MAFC"]
[WhiteTeamCountry "HUN"]
[BlackTeamCountry "HUN"]

1. d4 d6 2. c4 e5 3. d5 f5 4. Nc3 Nf6 5. f3 a5 6. Qc2 Na6 7. a3 Be7 8. e4 fxe4 9. fxe4 0-0 10. Be2 Ng4 11. Bxg4 Bxg4 12. Be3 Bg5 13. Qd2 Qf6 14. Nge2 Nc5 15. Nc1 Bh4+ 16. g3 Qf3 17. Rg1 Be7 18. Bxc5 dxc5 19. Qe2 Rf7 1/2-1/2

[Event "HUN-chT2 Breyer 0506"]
[Site "Hungary"]
[Date "2006.02.26"]
[Round "8"]
[White "Steiger, Bela"]
[Black "Palkovics, Laszlo"]
[Result "1-0"]
[WhiteElo "2236"]
[BlackElo "2012"]
[PlyCount "76"]
[EventDate "2005.10.16"]
[EventType "team-tourn"]
[EventRounds "11"]
[EventCountry "HUN"]
[SourceTitle "EXT 2009"]
[Source "ChessBase"]
[SourceDate "2008.11.26"]
[SourceVersion "1"]
[SourceVersionDate "2008.11.26"]
[SourceQuality "1"]
[WhiteTeam "Hobagoly"]
[BlackTeam "Husi II"]
[WhiteTeamCountry "HUN"]
[BlackTeamCountry "HUN"]

1. d4 Nf6 2. c4 e6 3. Nf3 d5 4. Nc3 Be7 5. Bf4 0-0 6. e3 c5 7. Rc1 cxd4 8. exd4 Nc6 9. Be2 dxc4 10. Bxc4 Nd5 11. Bg3 Nxc3 12. bxc3 a6 13. 0-0 b5 14. Bd3 Bb7 15. Qc2 g6 16. h4 Bf6 17. h5 Bg7 18. hxg6 hxg6 19. Be4 Rc8 20. Qe2 Qd7 21. Rfd1 Na5 22. Be5 Nc4 23. Bxg7 Kxg7 24. Ne5 Qe7 25. Bxb7 Qxb7 26. a4 Qd5 27. axb5 axb5 28. Nd3 Rh8 29. f3 Qg5 30. Ne5 Rh5 31. Nxc4 bxc4 32. Qf2 Rch8 33. Kf1 Rh1+ 34. Ke2 R1h2 35. Rg1 Qd5 36. Rc2 Qf5 37. Rd2 Qa5 38. Qe3 R8h5 1-0

[Event "HUN-chT2 Breyer 0506"]
[Site "Hungary"]
[Date "2006.02.12"]
[Round "7"]
[White "Steiger, Bela"]
[Black "Janoshalmi, Attila"]
[Result "0-1"]
[WhiteElo "2236"]
[BlackElo "2220"]
[PlyCount "56"]
[EventDate "2005.10.16"]
[EventType "team-tourn"]
[EventRounds "11"]
[EventCountry "HUN"]
[SourceTitle "EXT 2009"]
[Source "ChessBase"]
[SourceDate "2008.11.26"]
[SourceVersion "1"]
[SourceVersionDate "2008.11.26"]
[SourceQuality "1"]
[WhiteTeam "Hobagoly"]
[BlackTeam "Kiraly Sakk"]
[WhiteTeamCountry "HUN"]
[BlackTeamCountry "HUN"]

1. d4 Nf6 2. c4 c5 3. d5 b5 4. cxb5 a6 5. bxa6 Bxa6 6. Nc3 d6 7. Nf3 g6 8. g3 Bg7 9. Bg2 0-0 10. h4 h5 11. Bf4 Nbd7 12. Qc1 Ng4 13. 0-0 Qb6 14. Bh3 Rfb8 15. Rb1 Bxc3 16. Qxc3 Bxe2 17. Rfe1 Bxf3 18. Qxf3 Nde5 19. Qc3 Rxa2 20. Bxg4 hxg4 21. Bxe5 dxe5 22. Qxe5 Qd6 23. Qxe7 Qxd5 24. Rbd1 Qf5 25. Re5 Qf3 26. Ree1 Rbxb2 27. Rd8+ Kh7 28. Qxc5 Rxf2 0-1

[Event "HUN-chT2 Breyer 0506"]
[Site "Hungary"]
[Date "2005.10.16"]
[Round "1"]
[White "Hegedus, Gyula"]
[Black "Steiger, Bela"]
[Result "0-1"]
[WhiteElo "2170"]
[BlackElo "2236"]
[PlyCount "78"]
[EventDate "2005.10.16"]
[EventType "team-tourn"]
[EventRounds "11"]
[EventCountry "HUN"]
[SourceTitle "EXT 2009"]
[Source "ChessBase"]
[SourceDate "2008.11.26"]
[SourceVersion "1"]
[SourceVersionDate "2008.11.26"]
[SourceQuality "1"]
[WhiteTeam "Balatonfuered"]
[BlackTeam "Hobagoly"]
[WhiteTeamCountry "HUN"]
[BlackTeamCountry "HUN"]

1. e4 c5 2. c3 d5 3. exd5 Qxd5 4. d4 Nc6 5. Nf3 Nf6 6. Be2 e6 7. Na3 cxd4 8. Nb5 Qd8 9. Nbxd4 Bd7 10. 0-0 Be7 11. Nxc6 Bxc6 12. Ne5 Qc7 13. Nxc6 bxc6 14. Qa4 0-0 15. Bf3 Rac8 16. Rd1 Rfd8 17. Be3 Nd5 18. Bxd5 cxd5 19. Qxa7 Qd6 20. f4 Bf6 21. Qa4 Qc7 22. Rd2 Ra8 23. Qd1 Qc4 24. a4 Rdb8 25. Bd4 Bxd4+ 26. Rxd4 Qc5 27. Qc2 f6 28. Kh1 e5 29. b4 Qc6 30. b5 Rxb5 31. fxe5 fxe5 32. Rh4 g6 33. Rf1 Rbb8 34. Qe2 Rf8 35. Rxf8+ Rxf8 36. h3 Qxc3 37. a5 Qa1+ 38. Kh2 e4 39. Qb5 Qe5+ 0-1

[Event "HUN-chT3"]
[Site "Hungary"]
[Date "1997.??.??"]
[Round "?"]
[White "Steiger, Bela"]
[Black "Marosi, Csaba"]
[Result "1-0"]
[WhiteElo "2205"]
[BlackElo "2185"]
[PlyCount "64"]
[EventDate "1997.??.??"]
[EventType "team-tourn"]
[EventRounds "13"]
[EventCountry "HUN"]
[SourceTitle "EXT 2001"]
[Source "ChessBase"]
[SourceDate "2000.11.22"]
[SourceVersion "1"]
[SourceVersionDate "2000.11.22"]
[SourceQuality "1"]

1. d4 d5 2. c4 c6 3. Nc3 Nf6 4. Bf4 dxc4 5. e3 Bf5 6. Bxc4 e6 7. Nf3 Be7 8. 0-0 0-0 9. h3 Nbd7 10. Qe2 Nb6 11. Bb3 Nbd5 12. Bg5 Ne4 13. Bxe7 Qxe7 14. Nxe4 Bxe4 15. Nd2 Bg6 16. e4 Nf4 17. Qg4 e5 18. dxe5 Qxe5 19. Nc4 Qc7 20. e5 Nd3 21. f4 b5 22. Nd6 Qb6+ 23. Kh2 Qc5 24. Rf3 Nxe5 25. fxe5 Qxe5+ 26. Qg3 Qxb2 27. Raf1 a5 28. Bxf7+ Bxf7 29. Nxf7 g6 30. Nh6+ Kg7 31. Rf7+ Rxf7 32. Rxf7+ Kh8 1-0